00138nam a2200073Ia 4500100001400000245002400014260000900038082001700047 aGupta-S.P aStatistical methods c2021 a519.5 bGUP